00886nam a2200241Ia 4500003000900000008004100009020001800050040001600068080001600084100002400100245011000124260003400234300001600268490006100284650001600345650002300361650004300384650003600427650002300463942000700486999001700493952013400510IN-BaIIA211028s9999 xx 000 0 eng d a1-85233-099-6 cIIA Library a523.34bHAR aHarland, D M924054 0aExploring the moonbthe Apollo expeditionscD. M. Harland  aLondonbSpringer-Verlagc1999 axxxi, 411p. aSpringer - Praxis series in space science and technology aLune924055 aMoon - exploration aProject Apollo (U.S.) - history924056 aSpace flight to the moon924057 aVol spatial924058 cBK c13692d13692 00104070aBANbBANcGENd2000-08-31eEDS g1309.80l0o523.34/ HARp14611r2021-11-05v1309.80w2000-08-31yBKGRs. 1309.80